000 00764nam a2200241 i 4500
003 DO-SdBNP
005 20260427115138.0
007 ta
008 260427b2009 dr ac||| |||| 00| 0 spa d
040 _aDO-SdBNP
_bspa
_cBNPHU
_erda
041 _aspa
082 4 _axxx
_bxxx
_222
245 0 0 _aEstrella 25 años /
_ccoordinación editorial, Margarita Marmolejos
264 1 _aSanto Domingo :
_bAmigo del Hogar,
_c2009.
300 _a367 páginas :
_bilustraciones, retratos ;
_c31 cm.
336 _atexto
_btxt
_2rdacontent
337 _asin mediación
_bn
_2rdamedia
338 _avolumen
_bnc
_2rdacarrier
590 _aInventariado, 2026/BT
700 1 _aMarmolejos, Margarita,
_ecoordinador, editor
_4coord. y ed.
_99617
910 _aBtavárez
942 _2ddc
_cLBS1
999 _c60618
_d60618